Score 0/15 Timer 01:30
1 Play Today
Clue 4-Letter Word % Correct
'Famous' singer Kanye ___•WEST•
98.8%
Jack and Jill ____ up the hillWENT
98.3%
Ferrell or Smith, e.g.WILL
93.7%
___ E. CoyoteWILE
89.6%
Short attention ___•SPAN•
88.2%
Window or door partSILL
85.7%
Cabernet or Riesling, e.g.WINE
85.6%
Sea mammalSEAL
84.7%
Clue 4-Letter Word % Correct
Wall Street adviceSELL
79.7%
Practice boxing in a yardSPAR
78.9%
Apply a branding ironSEAR
72.9%
Harvey from 'The Dark Knight'DENT
72.3%
Microwave soundDING
71.2%
Football side (UK)•WING•
64.5%
___ Xiaoping (Mao's successor)DENG
64%

Today's Daily Dose

Remove Ads.
Support Sporcle.
Get the best of Sporcle when you Go Orange. This ad-free experience offers more features, more stats, and more fun while also helping to support Sporcle. Thank you for becoming a member.

You're not logged in!

Compare scores with friends on all Sporcle quizzes.
OR
Log In

Show Comments

Extras

Top Quizzes Today


Score Distribution

Your Account Isn't Verified!

In order to create a playlist on Sporcle, you need to verify the email address you used during registration. Go to your Sporcle Settings to finish the process.

Report this User

Report this user for behavior that violates our Community Guidelines.

Details: